000 00826cam a22002653a 4500
001 2574
003 PGUSA
005 20140828083016.0
008 060518s2006||||xxu|||||s|||||000 1 eng d
040 _aPGUSA
_beng
042 _adc
050 4 _aPS
100 1 _aHarte, Bret,
_d1836-1902
245 1 0 _aOn the Frontier
_h[electronic resource] /
_cBret Harte
260 _bProject Gutenberg,
_c2006
505 0 _aAt the mission of San Carmel -- A blue grass Penelope -- Left out on Lone Star Mountain.
506 _aPublic domain in the USA.
516 _aElectronic text
653 _aCalifornia -- Social life and customs -- Fiction
653 _aWestern stories
653 _aAmerican fiction -- 19th century
830 0 _aProject Gutenberg
_v2574
856 4 0 _uhttp://www.gutenberg.org/ebooks/2574
942 _cEB
999 _c231911
_d231911